| 000 | 01059nam a2200277 a 4500 | ||
|---|---|---|---|
| 005 | 2010032001471.0 | ||
| 008 | 860325s1986 nyua 001 0 eng | ||
| 010 | _aB-379406 | ||
| 020 |
_a1844773353 _c550.00 |
||
| 020 |
_a9781844773350 _c550.00 |
||
| 035 | _aB-379406 | ||
| 037 | _bPansy Books | ||
| 040 |
_adpl _bEnglish |
||
| 082 | _a635.9 | ||
| 100 | _aEdwards, Jonathan | ||
| 245 |
_aGardening through the year / _cby Jonathan Edwards [and] Peter McHoy |
||
| 260 |
_aLondon _bHermes House _c2004 |
||
| 270 |
_a88-89 Blackfriars Road, _bLondon |
||
| 300 |
_a256 p. : _bcol. photos _c28 cm(pbk) |
||
| 500 | _aIncludes index | ||
| 650 | _aGardening. | ||
| 700 | _aMcHoy,Peter | ||
| 942 |
_2ddc _cEN _h635.9 _mEDW |
||
| 999 |
_c34806 _d34806 |
||